| 000 | 00365nam a2200145Ia 4500 | ||
|---|---|---|---|
| 008 | 150201s1993 xx 000 0 und d | ||
| 082 |
_a615.82 _bN93D |
||
| 100 | _aDOWNIE , PATRICIA A. | ||
| 245 | _aCASH,S TB. OF NEUROLOGY FOR PHYSIOTHERAPISTS | ||
| 250 | _a4TH | ||
| 260 |
_bJAYPEE _aINDIA _c1993 |
||
| 300 | _a1-653 | ||
| 650 | _aPHYSIOTHERAPY | ||
| 942 |
_2ddc _cBK |
||
| 999 |
_c1498 _d1498 |
||